[Event "GBR-ch89"]
[Site "Torquay"]
[Date "2002.07.29"]
[Round "1"]
[White "Ashton, Adam"]
[Black "Jones, Gawain C B"]
[Result "1/2-1/2"]
[WhiteElo "2152"]
[BlackElo "2237"]
[PlyCount "82"]
[EventDate "2002.07.29"]
[EventType "swiss"]
[EventRounds "11"]
[EventCountry "GBR"]
[SourceTitle "BritBase"]
[Source "John Saunders"]
[SourceDate "2008.07.14"]
[SourceVersion "1"]
[SourceVersionDate "2008.07.14"]
[SourceQuality "2"]

1. e4 c5 2. Nf3 d6 3. Bc4 Nf6 4. d3 Nc6 5. c3 e6 6. Bb3 Be7 7. O-O O-O 8. Re1
d5 9. e5 Nd7 10. d4 b5 11. Nbd2 a5 12. Nf1 a4 13. Bc2 a3 14. bxa3 c4 15. Rb1
Qa5 16. Re3 Re8 17. h4 Nf8 18. Ng5 Bxa3 19. Bxa3 Qxa3 20. Rxb5 Qxa2 21. Ng3 h6
22. Nf3 Bd7 23. Rb1 Ne7 24. Ne1 Reb8 25. Re2 Rxb1 26. Bxb1 Qa1 27. Qc1 Neg6 28.
h5 Rb8 29. hxg6 Nxg6 30. Ra2 Qxb1 31. Qd2 Nf4 32. Kh2 Nd3 33. Nxd3 cxd3 34. Nh5
Bc6 35. Nf4 Qf1 36. Nxd3 Rb1 37. Nf4 Rd1 38. Qe2 Qh1+ 39. Kg3 h5 40. Qxh5 Rd3+
41. f3 Qxh5 1/2-1/2

[Event "GBR-ch89"]
[Site "Torquay"]
[Date "2002.07.29"]
[Round "1"]
[White "Bigg, Andrew J"]
[Black "Buckley, Melanie"]
[Result "1/2-1/2"]
[WhiteElo "2248"]
[BlackElo "2184"]
[PlyCount "57"]
[EventDate "2002.07.29"]
[EventType "swiss"]
[EventRounds "11"]
[EventCountry "GBR"]
[SourceTitle "BritBase"]
[Source "John Saunders"]
[SourceDate "2008.07.14"]
[SourceVersion "1"]
[SourceVersionDate "2008.07.14"]
[SourceQuality "2"]

1. d4 Nf6 2. Bg5 e6 3. e4 h6 4. Bxf6 Qxf6 5. c3 d6 6. Bd3 Nd7 7. Ne2 e5 8. O-O
g5 9. Na3 Bg7 10. Nc4 Nb6 11. Ne3 h5 12. a4 a5 13. dxe5 dxe5 14. Ng3 g4 15.
Ngf5 Bf8 16. Qe2 Bc5 17. b4 Bxe3 18. Nxe3 Be6 19. f3 g3 20. hxg3 h4 21. g4 Qf4
22. Qf2 Nc8 23. Bc4 Ne7 24. Bxe6 fxe6 25. Rfd1 Ng6 26. Rd2 Qf7 27. Rad1 h3 28.
g3 O-O 29. Rf1 1/2-1/2

[Event "GBR-ch89"]
[Site "Torquay"]
[Date "2002.07.29"]
[Round "1"]
[White "Buckley, Simon T"]
[Black "Swathi, Ghate"]
[Result "0-1"]
[WhiteElo "2237"]
[BlackElo "2234"]
[PlyCount "60"]
[EventDate "2002.07.29"]
[EventType "swiss"]
[EventRounds "11"]
[EventCountry "GBR"]
[SourceTitle "BritBase"]
[Source "John Saunders"]
[SourceDate "2008.07.14"]
[SourceVersion "1"]
[SourceVersionDate "2008.07.14"]
[SourceQuality "2"]

1. e4 e5 2. Bc4 Nf6 3. d3 Nc6 4. Nf3 Be7 5. O-O O-O 6. Re1 d6 7. a4 Kh8 8. a5
Rb8 9. c3 Bg4 10. b4 a6 11. Nbd2 Ng8 12. h3 Be6 13. Qb3 Qd7 14. Bd5 Bf6 15. Bb2
Nce7 16. Bxe6 fxe6 17. d4 Ng6 18. dxe5 Nxe5 19. Re3 Ng6 20. Rd1 Qf7 21. Rf1 Nf4
22. Kh2 Qh5 23. e5 Be7 24. c4 Nh6 25. Re4 d5 26. Ree1 Rf5 27. Rh1 Rbf8 28. Kg1
dxc4 29. Qxc4 Nxg2 30. Qxe6 Nxe1 0-1

[Event "GBR-ch89"]
[Site "Torquay"]
[Date "2002.07.29"]
[Round "1"]
[White "Burnett, James"]
[Black "Mason, Don"]
[Result "1-0"]
[WhiteElo "2199"]
[BlackElo "2266"]
[PlyCount "72"]
[EventDate "2002.07.29"]
[EventType "swiss"]
[EventRounds "11"]
[EventCountry "GBR"]
[SourceTitle "BritBase"]
[Source "John Saunders"]
[SourceDate "2008.07.14"]
[SourceVersion "1"]
[SourceVersionDate "2008.07.14"]
[SourceQuality "2"]

1. d4 Nf6 2. c4 g6 3. Nc3 Bg7 4. e4 d6 5. f4 O-O 6. Nf3 Na6 7. Be2 Bg4 8. h3
Bxf3 9. Bxf3 e5 10. fxe5 dxe5 11. d5 Nh5 12. Bxh5 Qh4+ 13. Kf1 gxh5 14. Qe1
Qf6+ 15. Qf2 Qg6 16. Qf5 Qb6 17. g4 Rad8 18. Qf2 Qb4 19. Qe2 Rd6 20. Be3 Rg6
21. gxh5 Rg3 22. Kf2 Rxe3 23. Kxe3 f5 24. Raf1 Qb6+ 25. Kf3 Bh6 26. Kg2 Bf4 27.
Rfg1 Kh8 28. Kf1 fxe4 29. Ke1 Nb4 30. Qxe4 Bg3+ 31. Kd1 Nxa2 32. Rxg3 Qb3+ 33.
Qc2 Qxc4 34. Re1 Nxc3+ 35. Qxc3 Qa4+ 36. b3 Qf4 1-0

[Event "GBR-ch89"]
[Site "Torquay"]
[Date "2002.07.29"]
[Round "1"]
[White "D'Costa, Lorin"]
[Black "Shaw, David A"]
[Result "1/2-1/2"]
[WhiteElo "2254"]
[BlackElo "2190"]
[PlyCount "114"]
[EventDate "2002.07.29"]
[EventType "swiss"]
[EventRounds "11"]
[EventCountry "GBR"]
[SourceTitle "BritBase"]
[Source "John Saunders"]
[SourceDate "2008.07.14"]
[SourceVersion "1"]
[SourceVersionDate "2008.07.14"]
[SourceQuality "2"]

1. d4 e6 2. c4 f5 3. g3 Nf6 4. Bg2 d5 5. Nh3 c6 6. O-O Bd6 7. Nd2 O-O 8. Qc2 h6
9. Nf3 g5 10. Ne1 Nh5 11. f3 Qf6 12. e3 f4 13. g4 Ng7 14. Nd3 Nd7 15. Qc3 dxc4
16. Qxc4 Nb6 17. Qc2 Nd5 18. Qe2 b6 19. Ndf2 e5 20. Ne4 Qg6 21. Qc4 Bd7 22.
Nxd6 Qxd6 23. dxe5 Qe6 24. exf4 gxf4 25. Qe4 Qf7 26. Bd2 Ne6 27. Rfe1 h5 28.
Rf1 Qg7 29. gxh5 Be8 30. Rac1 Nc5 31. Qe2 Rf5 32. Rce1 Bxh5 33. Kh1 Re8 34. b4
Ne6 35. Qc4 Rc8 36. b5 Be8 37. Rg1 Kh8 38. Qe4 Rf8 39. Bf1 Qh6 40. bxc6 Ne7 41.
Bb4 Bxc6 42. Qd3 Rfd8 43. Bd6 Nc5 44. Ng5 Nxd3 45. Nf7+ Kh7 46. Bxd3+ Ng6 47.
Bxg6+ Qxg6 48. Rxg6 Bxf3+ 49. Kg1 Kxg6 50. Nxd8 Rxd8 51. Rf1 Bd5 52. Rxf4 Bxa2
53. Ra4 Bd5 54. Rxa7 Kf5 55. Kf2 Rh8 56. Kg1 Rg8+ 57. Kf1 Rh8 1/2-1/2

[Event "GBR-ch89"]
[Site "Torquay"]
[Date "2002.07.29"]
[Round "1"]
[White "Douglas, Timothy"]
[Black "Thomas, Nicholas"]
[Result "1-0"]
[WhiteElo "2174"]
[BlackElo "2248"]
[PlyCount "80"]
[EventDate "2002.07.29"]
[EventType "swiss"]
[EventRounds "11"]
[EventCountry "GBR"]
[SourceTitle "BritBase"]
[Source "John Saunders"]
[SourceDate "2008.07.14"]
[SourceVersion "1"]
[SourceVersionDate "2008.07.14"]
[SourceQuality "2"]

1. e4 e6 2. d3 d5 3. Nd2 Nf6 4. Ngf3 Nc6 5. c3 a5 6. e5 Nd7 7. d4 f6 8. Bd3
fxe5 9. Nxe5 Ndxe5 10. dxe5 Nxe5 11. Qh5+ Nf7 12. Nf3 g6 13. Qg4 e5 14. Qa4+
Bd7 15. Bb5 c6 16. Be2 b5 17. Qd1 a4 18. a3 Bd6 19. Be3 e4 20. Nd4 Qh4 21. Qd2
O-O 22. O-O-O Rfc8 23. f3 c5 24. Nxb5 Bxb5 25. Bxb5 d4 26. Bc4 exf3 27. Bg5 Qg4
28. gxf3 Qf5 29. h4 Ra7 30. Rhe1 Kg7 31. Be6 Nxg5 32. Bxf5 Nxf3 33. Qf2 Rf8 34.
Qxf3 Rxf5 35. Qd3 Raf7 36. cxd4 c4 37. Qc3 Rf3 38. Qa5 Rb3 39. Qd5 Rfb7 40. Re2
c3 1-0

[Event "GBR-ch89"]
[Site "Torquay"]
[Date "2002.07.29"]
[Round "1"]
[White "Eames, Robert S"]
[Black "Ward, Christopher G"]
[Result "0-1"]
[WhiteElo "2310"]
[BlackElo "2498"]
[PlyCount "120"]
[EventDate "2002.07.29"]
[EventType "swiss"]
[EventRounds "11"]
[EventCountry "GBR"]
[SourceTitle "BritBase"]
[Source "John Saunders"]
[SourceDate "2008.07.14"]
[SourceVersion "1"]
[SourceVersionDate "2008.07.14"]
[SourceQuality "2"]

1. e4 e6 2. d4 d5 3. Nc3 Bb4 4. e5 c5 5. a3 Bxc3+ 6. bxc3 Qa5 7. Bd2 Qa4 8. Nf3
b6 9. c4 Ba6 10. cxd5 Bxf1 11. Kxf1 exd5 12. dxc5 bxc5 13. h4 Ne7 14. h5 Nf5
15. Bg5 Qe4 16. Qd2 h6 17. Bf4 Nc6 18. Re1 Qc4+ 19. Kg1 Ncd4 20. Nxd4 Nxd4 21.
c3 Ne6 22. Rh4 Rb8 23. Bg3 Qb3 24. f4 d4 25. f5 dxc3 26. Qf2 Nd4 27. e6 Rb7 28.
exf7+ Kxf7 29. f6 Qc2 30. Qe3 gxf6 31. Re4 Rf8 32. Qxh6 Rg8 33. Rf4 Rb6 34. Rf2
Qd3 35. Re3 Qd1+ 36. Kh2 Qg4 37. Be5 Qg5 38. Qh7+ Rg7 39. Qd3 Qxh5+ 40. Kg1 c2
41. Qc4+ Kg6 42. Qd3+ Nf5 43. Qxc2 fxe5 44. Rg3+ Kf6 45. Rxg7 Kxg7 46. Rxf5 Qg4
47. Rf2 c4 48. Rd2 Rf6 49. Qa4 Rf7 50. Qa5 Qf4 51. Qc3 Qf1+ 52. Kh2 Qe1 53. Rc2
Qxc3 54. Rxc3 Rf4 55. g3 Rd4 56. Kg2 e4 57. Kh3 Kf6 58. Kg4 Ke5 59. Kg5 Rd3 60.
Rxc4 Rxg3+ 0-1

[Event "GBR-ch89"]
[Site "Torquay"]
[Date "2002.07.29"]
[Round "1"]
[White "Evans-Quek, Debbie"]
[Black "Addison, Bret C"]
[Result "1/2-1/2"]
[WhiteElo "2069"]
[BlackElo "2219"]
[PlyCount "81"]
[EventDate "2002.07.29"]
[EventType "swiss"]
[EventRounds "11"]
[EventCountry "GBR"]
[SourceTitle "BritBase"]
[Source "John Saunders"]
[SourceDate "2008.07.14"]
[SourceVersion "1"]
[SourceVersionDate "2008.07.14"]
[SourceQuality "2"]

1. g3 e5 2. Bg2 Nf6 3. d3 Nc6 4. Nf3 d5 5. Nbd2 Be7 6. O-O O-O 7. e4 dxe4 8.
Nxe4 Bg4 9. Bg5 Nxe4 10. Bxe7 Qxe7 11. dxe4 Rad8 12. Qc1 Rd6 13. c3 Rfd8 14. h3
Be6 15. b3 f6 16. Kh2 a5 17. Re1 Qd7 18. Bf1 Ne7 19. Qc2 Nc8 20. Qe2 a4 21. b4
Nb6 22. Qb5 Qxb5 23. Bxb5 Bc4 24. Bxc4+ Nxc4 25. Kg2 Rd3 26. Rec1 Kf7 27. Ne1
Rd2 28. Nf3 Rb2 29. Rcb1 a3 30. Re1 Ke7 31. Rec1 Rd3 32. g4 c6 33. h4 g6 34. g5
b5 35. h5 Kf7 36. hxg6+ Kxg6 37. gxf6 Kxf6 38. Rh1 Kg7 39. Rh5 Rd6 40. Nxe5
Nxe5 41. Rxe5 1/2-1/2

[Event "GBR-ch89"]
[Site "Torquay"]
[Date "2002.07.29"]
[Round "1"]
[White "Gallagher, Joseph G"]
[Black "Devereaux, Max"]
[Result "1-0"]
[WhiteElo "2517"]
[BlackElo "2268"]
[PlyCount "81"]
[EventDate "2002.07.29"]
[EventType "swiss"]
[EventRounds "11"]
[EventCountry "GBR"]
[SourceTitle "BritBase"]
[Source "John Saunders"]
[SourceDate "2008.07.14"]
[SourceVersion "1"]
[SourceVersionDate "2008.07.14"]
[SourceQuality "2"]

1. e4 c5 2. Nf3 Nc6 3. Bb5 g6 4. Bxc6 bxc6 5. O-O Bg7 6. Re1 Nh6 7. c3 O-O 8.
d4 cxd4 9. cxd4 d5 10. e5 f6 11. h3 fxe5 12. Nxe5 Qb6 13. b3 Nf7 14. f4 Nxe5
15. fxe5 Rf5 16. Be3 Ba6 17. Nc3 Bb5 18. Rc1 Raf8 19. Qc2 Qa6 20. Nxb5 cxb5 21.
Qc6 Qxa2 22. Qxd5+ Kh8 23. Qxb5 Rf2 24. Bxf2 Qxf2+ 25. Kh1 Qxd4 26. Qc5 Qh4 27.
Rf1 Rg8 28. e6 Bf6 29. Qxa7 Be5 30. Qf2 Qh6 31. Qe2 Bf6 32. b4 g5 33. Qg4 Qg6
34. b5 h5 35. Qf5 Qh6 36. b6 g4 37. b7 gxh3 38. Qxh3 Be5 39. Rc8 Qg6 40. Rxg8+
Kxg8 41. Qf5 1-0

[Event "GBR-ch89"]
[Site "Torquay"]
[Date "2002.07.29"]
[Round "1"]
[White "Hebden, Mark L"]
[Black "Pert, Richard"]
[Result "1-0"]
[WhiteElo "2534"]
[BlackElo "2357"]
[PlyCount "95"]
[EventDate "2002.07.29"]
[EventType "swiss"]
[EventRounds "11"]
[EventCountry "GBR"]
[SourceTitle "BritBase"]
[Source "John Saunders"]
[SourceDate "2008.07.14"]
[SourceVersion "1"]
[SourceVersionDate "2008.07.14"]
[SourceQuality "2"]

1. d4 Nf6 2. Nf3 g6 3. Nc3 d5 4. Bf4 Bg7 5. e3 O-O 6. Be2 c5 7. Ne5 Be6 8. O-O
Nbd7 9. a4 Rc8 10. a5 Ne4 11. Nxe4 dxe4 12. Nxd7 Qxd7 13. c3 cxd4 14. exd4 Bd5
15. Qd2 Rfe8 16. Qe3 Qf5 17. h3 Qe6 18. f3 Qc6 19. fxe4 Bxe4 20. Rf2 a6 21.
Raf1 f5 22. g4 Qd5 23. gxf5 Bxf5 24. Bf3 Qb5 25. Re1 Bf6 26. Bg2 Bd7 27. Be5
Bc6 28. Bxc6 Qxc6 29. Qh6 Qe6 30. Re3 Qf7 31. Qf4 Rf8 32. Qe4 Qb3 33. Ref3 Qe6
34. Qxb7 Bxe5 35. dxe5 Qxe5 36. Qxa6 Rcd8 37. Qc4+ e6 38. Rxf8+ Rxf8 39. Rxf8+
Kxf8 40. a6 Qg3+ 41. Kf1 Qxh3+ 42. Ke1 Qe3+ 43. Kd1 e5 44. Kc2 e4 45. Kb3 Qf3
46. a7 Qd1+ 47. Ka2 Qd8 48. Qb4+ 1-0

[Event "GBR-ch89"]
[Site "Torquay"]
[Date "2002.07.29"]
[Round "1"]
[White "Lalic, Bogdan"]
[Black "Wall, Gavin"]
[Result "1/2-1/2"]
[WhiteElo "2540"]
[BlackElo "2367"]
[PlyCount "21"]
[EventDate "2002.07.29"]
[EventType "swiss"]
[EventRounds "11"]
[EventCountry "GBR"]
[SourceTitle "BritBase"]
[Source "John Saunders"]
[SourceDate "2008.07.14"]
[SourceVersion "1"]
[SourceVersionDate "2008.07.14"]
[SourceQuality "2"]

1. d4 f5 2. g3 Nf6 3. Bg2 g6 4. c4 Bg7 5. Nc3 O-O 6. Nf3 d6 7. O-O Qe8 8. Nd5
Nxd5 9. cxd5 Qb5 10. Ng5 Na6 11. e4 1/2-1/2

[Event "GBR-ch89"]
[Site "Torquay"]
[Date "2002.07.29"]
[Round "1"]
[White "Martyn, Rafe"]
[Black "Simpson, James"]
[Result "0-1"]
[WhiteElo "2201"]
[BlackElo "2245"]
[PlyCount "48"]
[EventDate "2002.07.29"]
[EventType "swiss"]
[EventRounds "11"]
[EventCountry "GBR"]
[SourceTitle "BritBase"]
[Source "John Saunders"]
[SourceDate "2008.07.14"]
[SourceVersion "1"]
[SourceVersionDate "2008.07.14"]
[SourceQuality "2"]

1. d4 Nf6 2. c4 e6 3. g3 d5 4. Bg2 Nbd7 5. Nf3 c6 6. Qc2 Be7 7. O-O Ne4 8. b3
O-O 9. Bb2 a5 10. Ne1 f5 11. Nd3 Ndf6 12. f3 Ng5 13. c5 Bd7 14. Nd2 Qe8 15. a3
Qh5 16. Nf4 Qh6 17. Rae1 Rae8 18. b4 Bd8 19. Nb3 axb4 20. axb4 Bc7 21. Bc1 Nh5
22. h4 Nxf4 23. hxg5 Nh3+ 24. Kh2 Nxg5+ 0-1

[Event "GBR-ch89"]
[Site "Torquay"]
[Date "2002.07.29"]
[Round "1"]
[White "Ramesh, RB"]
[Black "Ledger, David J"]
[Result "1-0"]
[WhiteElo "2456"]
[BlackElo "2271"]
[PlyCount "65"]
[EventDate "2002.07.29"]
[EventType "swiss"]
[EventRounds "11"]
[EventCountry "GBR"]
[SourceTitle "BritBase"]
[Source "John Saunders"]
[SourceDate "2008.07.14"]
[SourceVersion "1"]
[SourceVersionDate "2008.07.14"]
[SourceQuality "2"]

1. e4 e5 2. Nf3 Nc6 3. Bb5 a6 4. Ba4 Nf6 5. O-O Nxe4 6. d4 b5 7. Bb3 d5 8. dxe5
Be6 9. Nbd2 Nc5 10. c3 Bg4 11. Bc2 Qd7 12. Re1 Rd8 13. Nf1 Ne6 14. a4 b4 15. a5
Na7 16. Ng3 bxc3 17. bxc3 Nb5 18. h3 Bxf3 19. Qxf3 g6 20. h4 Bg7 21. h5 O-O 22.
Nf5 f6 23. hxg6 hxg6 24. Nh6+ Bxh6 25. Bxh6 fxe5 26. Qg3 e4 27. Rad1 Qe7 28.
Qxg6+ Ng7 29. Rxd5 Rxd5 30. Bxe4 Re5 31. Qh7+ Kf7 32. Bxg7 Rh5 33. Bg6# 1-0

[Event "GBR-ch89"]
[Site "Torquay"]
[Date "2002.07.29"]
[Round "1"]
[White "Richards, Heather"]
[Black "Pert, Nicholas"]
[Result "1/2-1/2"]
[WhiteElo "2275"]
[BlackElo "2460"]
[PlyCount "50"]
[EventDate "2002.07.29"]
[EventType "swiss"]
[EventRounds "11"]
[EventCountry "GBR"]
[SourceTitle "BritBase"]
[Source "John Saunders"]
[SourceDate "2008.07.14"]
[SourceVersion "1"]
[SourceVersionDate "2008.07.14"]
[SourceQuality "2"]

1. e4 e6 2. d4 d5 3. Nc3 Nf6 4. e5 Nfd7 5. f4 c5 6. Nf3 a6 7. Be3 Qb6 8. Na4
Qa5+ 9. c3 cxd4 10. b4 Qc7 11. Bxd4 Nc6 12. Rc1 Nxd4 13. Nxd4 Be7 14. Bd3 b5
15. Nb2 g5 16. Qh5 gxf4 17. Nxe6 Qb6 18. Ng7+ Kf8 19. e6 fxe6 20. Qe8+ Kxg7 21.
Qxe7+ Kg8 22. Rf1 e5 23. Qe8+ Kg7 24. Qe7+ Kg8 25. Qe8+ Kg7 1/2-1/2

[Event "GBR-ch89"]
[Site "Torquay"]
[Date "2002.07.29"]
[Round "1"]
[White "Rowson, Jonathan"]
[Black "McDonald, Neil R"]
[Result "1/2-1/2"]
[WhiteElo "2545"]
[BlackElo "2396"]
[PlyCount "97"]
[EventDate "2002.07.29"]
[EventType "swiss"]
[EventRounds "11"]
[EventCountry "GBR"]
[SourceTitle "BritBase"]
[Source "John Saunders"]
[SourceDate "2008.07.14"]
[SourceVersion "1"]
[SourceVersionDate "2008.07.14"]
[SourceQuality "2"]

1. e4 e6 2. d4 d5 3. Nc3 dxe4 4. Nxe4 Bd7 5. Nf3 Bc6 6. Bd3 Nd7 7. O-O Ngf6 8.
Ned2 Be7 9. Nc4 Bd5 10. Ne3 Bxf3 11. Qxf3 c6 12. b3 O-O 13. Bb2 Re8 14. Rfd1
Qc7 15. c4 Rad8 16. Bf1 Bf8 17. d5 exd5 18. cxd5 cxd5 19. Nxd5 Nxd5 20. Qxd5
Nc5 21. Qf5 Rxd1 22. Rxd1 Rd8 23. Be5 Qe7 24. Re1 Rd2 25. Qb1 Qh4 26. g3 Qb4
27. Re3 Qg4 28. Bc3 Rd1 29. Qc2 Ne6 30. h3 Qh5 31. Rd3 Rxd3 32. Qxd3 Qc5 33. b4
Qc7 34. Bd2 b6 35. Qc4 Qd7 36. Qd3 Qa4 37. Qc4 Qd7 38. Be3 Qd6 39. a3 Qd7 40.
Qa6 Bd6 41. Qb5 Qxb5 42. Bxb5 Kf8 43. Kg2 Be5 44. Bc4 Nd4 45. f4 Nc2 46. Bc1
Bb2 47. Bb3 Bxc1 48. Bxc2 Bxa3 49. b5 1/2-1/2

[Event "GBR-ch89"]
[Site "Torquay"]
[Date "2002.07.29"]
[Round "1"]
[White "Rudd, Jack"]
[Black "Taylor, Peter P"]
[Result "1-0"]
[WhiteElo "2139"]
[BlackElo "2224"]
[PlyCount "77"]
[EventDate "2002.07.29"]
[EventType "swiss"]
[EventRounds "11"]
[EventCountry "GBR"]
[SourceTitle "BritBase"]
[Source "John Saunders"]
[SourceDate "2008.07.14"]
[SourceVersion "1"]
[SourceVersionDate "2008.07.14"]
[SourceQuality "2"]

1. e4 c6 2. d4 d5 3. Nc3 dxe4 4. Nxe4 Bf5 5. Ng3 Bg6 6. Nf3 Nf6 7. h4 h6 8. Ne5
Bh7 9. Bc4 e6 10. Qe2 Nd5 11. c3 Nd7 12. Nh5 N7f6 13. Nf4 Nxf4 14. Bxf4 Nd5 15.
Bg3 Be7 16. Bd3 Bxd3 17. Qxd3 Qa5 18. Nc4 Qd8 19. O-O-O O-O 20. Kb1 b5 21. Ne5
Rc8 22. f4 c5 23. dxc5 Rxc5 24. f5 Bf6 25. fxe6 fxe6 26. Ng4 Bxc3 27. Qg6 Qe8
28. Nxh6+ Kh8 29. Qxe8 Rxe8 30. Nf7+ Kg8 31. Nd6 Rd8 32. Nb7 Rc4 33. Nxd8 Rb4
34. b3 Bf6 35. Be1 Re4 36. Nxe6 Ne3 37. Nc5 Rg4 38. Rd3 Nxg2 39. Rg3 1-0

[Event "GBR-ch89"]
[Site "Torquay"]
[Date "2002.07.29"]
[Round "1"]
[White "Sandipan, Chanda"]
[Black "Cox, John J"]
[Result "1-0"]
[WhiteElo "2507"]
[BlackElo "2311"]
[PlyCount "112"]
[EventDate "2002.07.29"]
[EventType "swiss"]
[EventRounds "11"]
[EventCountry "GBR"]
[SourceTitle "BritBase"]
[Source "John Saunders"]
[SourceDate "2008.07.14"]
[SourceVersion "1"]
[SourceVersionDate "2008.07.14"]
[SourceQuality "2"]

1. e4 c5 2. Nf3 e6 3. d4 cxd4 4. Nxd4 Nf6 5. Nc3 Nc6 6. Nxc6 bxc6 7. e5 Nd5 8.
Ne4 Qa5+ 9. c3 f5 10. exf6 Nxf6 11. Nd6+ Bxd6 12. Qxd6 Qd5 13. Qxd5 cxd5 14.
Be3 O-O 15. f3 a5 16. Bc5 Rd8 17. a4 d6 18. Bb6 Rd7 19. Bb5 Rb7 20. Bd4 Bd7 21.
Bxd7 Nxd7 22. O-O-O Rab8 23. Rd2 Nc5 24. Bxc5 dxc5 25. Re1 Kf7 26. f4 h5 27. f5
exf5 28. Re5 g6 29. Rexd5 Rc8 30. h4 Re7 31. Rd7 Rc7 32. Rxc7 Rxc7 33. Rd5 Rc6
34. b3 Kf6 35. Kc2 g5 36. hxg5+ Kxg5 37. Kd3 h4 38. Kc4 Kg4 39. Kb5 Rc8 40.
Kxa5 Kg3 41. Rxf5 Kxg2 42. Rg5+ Kf3 43. Rh5 Kg3 44. b4 cxb4 45. cxb4 Ra8+ 46.
Kb5 Rb8+ 47. Kc4 Rc8+ 48. Kb3 h3 49. b5 h2 50. Kb4 Rg8 51. Rxh2 Kxh2 52. b6 Kg3
53. a5 Kf4 54. a6 Ke5 55. a7 Kd6 56. b7 Kc7 1-0

[Event "GBR-ch89"]
[Site "Torquay"]
[Date "2002.07.29"]
[Round "1"]
[White "Saravanan, Venkat"]
[Black "Emms, John M"]
[Result "1-0"]
[WhiteElo "2385"]
[BlackElo "2544"]
[PlyCount "83"]
[EventDate "2002.07.29"]
[EventType "swiss"]
[EventRounds "11"]
[EventCountry "GBR"]
[SourceTitle "BritBase"]
[Source "John Saunders"]
[SourceDate "2008.07.14"]
[SourceVersion "1"]
[SourceVersionDate "2008.07.14"]
[SourceQuality "2"]

1. e4 c5 2. Nf3 e6 3. d4 cxd4 4. Nxd4 a6 5. Nc3 Qc7 6. Bd3 Nf6 7. O-O Bc5 8.
Nb3 Be7 9. f4 d6 10. Qf3 Nbd7 11. a4 b6 12. Bd2 Bb7 13. Rae1 O-O 14. Qh3 Rad8
15. g4 d5 16. exd5 Bc5+ 17. Nxc5 Nxc5 18. dxe6 fxe6 19. g5 Nxd3 20. cxd3 Nd5
21. Qxe6+ Kh8 22. Nxd5 Bxd5 23. Qh3 Qc5+ 24. Be3 Qd6 25. f5 Kg8 26. Rf4 Bb7 27.
Rd4 Qc7 28. Rxd8 Qxd8 29. Rf1 Qxd3 30. f6 Bd5 31. Qg3 Qe4 32. Bxb6 Rc8 33. f7+
Bxf7 34. Qf4 Qg6 35. Bd4 Rd8 36. Bc3 h6 37. h4 Rd3 38. Qf5 Qh5 39. Qxd3 Qg4+
40. Kf2 Bc4 41. Qd8+ Kh7 42. Qd4 1-0

[Event "GBR-ch89"]
[Site "Torquay"]
[Date "2002.07.29"]
[Round "1"]
[White "Sowray, Peter J"]
[Black "Turner, Matthew J"]
[Result "1/2-1/2"]
[WhiteElo "2330"]
[BlackElo "2519"]
[PlyCount "121"]
[EventDate "2002.07.29"]
[EventType "swiss"]
[EventRounds "11"]
[EventCountry "GBR"]
[SourceTitle "BritBase"]
[Source "John Saunders"]
[SourceDate "2008.07.14"]
[SourceVersion "1"]
[SourceVersionDate "2008.07.14"]
[SourceQuality "2"]

1. e4 e5 2. Bc4 Nf6 3. Nc3 Nc6 4. d3 Bb4 5. Nf3 d6 6. Bb3 Nd4 7. h3 Be6 8. Bd2
Bxb3 9. axb3 Ne6 10. Ne2 Bxd2+ 11. Qxd2 O-O 12. O-O a6 13. Qe3 Qe7 14. Nh2 Nh5
15. Qf3 g6 16. Ng4 Ng5 17. Nh6+ Kh8 18. Qg4 f6 19. f4 exf4 20. Nxf4 Nxf4 21.
Qxf4 Qe5 22. c3 Qxf4 23. Rxf4 Ne6 24. Rf3 Kg7 25. Ng4 Nc5 26. b4 Nd7 27. Rf2
Rae8 28. Raf1 c6 29. Nh2 c5 30. bxc5 dxc5 31. Nf3 f5 32. exf5 Rxf5 33. d4 c4
34. Nd2 Rxf2 35. Kxf2 b5 36. Ra1 Re6 37. d5 Re5 38. Rxa6 Nc5 39. Ra7+ Kf6 40.
Nf3 Nd3+ 41. Kf1 Rxd5 42. Rb7 h5 43. Rb6+ Kf7 44. Rb7+ Ke8 45. h4 Kd8 46. Nd4
b4 47. Nc6+ Kc8 48. Re7 Rd6 49. Nxb4 Nxb2 50. Re4 Kb7 51. g4 hxg4 52. Rxg4 Kb6
53. Rg5 Nd1 54. Na2 Re6 55. h5 gxh5 56. Rxh5 Re3 57. Rd5 Nxc3 58. Nxc3 Rxc3 59.
Ke2 Rd3 60. Rxd3 cxd3+ 61. Kxd3 1/2-1/2

[Event "GBR-ch89"]
[Site "Torquay"]
[Date "2002.07.29"]
[Round "1"]
[White "Tan, Desmond"]
[Black "Lane, Gary W"]
[Result "1-0"]
[WhiteElo "2292"]
[BlackElo "2446"]
[PlyCount "63"]
[EventDate "2002.07.29"]
[EventType "swiss"]
[EventRounds "11"]
[EventCountry "GBR"]
[SourceTitle "BritBase"]
[Source "John Saunders"]
[SourceDate "2008.07.14"]
[SourceVersion "1"]
[SourceVersionDate "2008.07.14"]
[SourceQuality "2"]

1. e4 e5 2. Nf3 Nc6 3. Bb5 Nf6 4. O-O Bc5 5. c3 O-O 6. d4 Bb6 7. dxe5 Nxe4 8.
Nbd2 d5 9. Qe2 Nxd2 10. Bxd2 Bg4 11. Bxc6 bxc6 12. h3 Bh5 13. a4 a5 14. Be3 Re8
15. Bxb6 cxb6 16. Rfe1 Ra7 17. g4 Bg6 18. Nd4 Rc7 19. Qe3 Qh4 20. Kh2 c5 21.
Nb5 Rce7 22. f4 f6 23. Nd6 Rd8 24. Qd2 fxe5 25. fxe5 Kh8 26. Re2 Rf8 27. Qxd5
Rf2+ 28. Rxf2 Qxf2+ 29. Qg2 Qxg2+ 30. Kxg2 Rxe5 31. Kf3 Bd3 32. Nf7+ 1-0

[Event "GBR-ch89"]
[Site "Torquay"]
[Date "2002.07.29"]
[Round "1"]
[White "Taylor, Robert M"]
[Black "Berry, Neil"]
[Result "1/2-1/2"]
[WhiteElo "2195"]
[BlackElo "2255"]
[PlyCount "53"]
[EventDate "2002.07.29"]
[EventType "swiss"]
[EventRounds "11"]
[EventCountry "GBR"]
[SourceTitle "BritBase"]
[Source "John Saunders"]
[SourceDate "2008.07.14"]
[SourceVersion "1"]
[SourceVersionDate "2008.07.14"]
[SourceQuality "2"]

1. e4 c5 2. Nc3 Nc6 3. Nge2 g6 4. d4 cxd4 5. Nxd4 Bg7 6. Be3 Nf6 7. Nxc6 bxc6
8. e5 Nd5 9. Nxd5 cxd5 10. Qxd5 Rb8 11. Bc4 O-O 12. O-O Qc7 13. f4 Bb7 14. Qd3
Ba8 15. Bb3 Rbd8 16. c3 d6 17. e6 f5 18. Bd5 Bxd5 19. Qxd5 Rb8 20. Rab1 Qb7 21.
Qxb7 Rxb7 22. Bd4 Rc8 23. Rf2 Bxd4 24. cxd4 Rb5 25. Rd2 Rd5 26. Kf2 Kg7 27. Re1
1/2-1/2

[Event "GBR-ch89"]
[Site "Torquay"]
[Date "2002.07.29"]
[Round "1"]
[White "Thipsay, Bagyashree"]
[Black "Willmoth, Robert"]
[Result "1-0"]
[WhiteElo "2264"]
[BlackElo "2198"]
[PlyCount "35"]
[EventDate "2002.07.29"]
[EventType "swiss"]
[EventRounds "11"]
[EventCountry "GBR"]
[SourceTitle "BritBase"]
[Source "John Saunders"]
[SourceDate "2008.07.14"]
[SourceVersion "1"]
[SourceVersionDate "2008.07.14"]
[SourceQuality "2"]

1. e4 g6 2. d4 Bg7 3. Nc3 c6 4. Nf3 d5 5. h3 h5 6. Be2 Nh6 7. O-O O-O 8. Re1
dxe4 9. Nxe4 Nf5 10. c3 Qc7 11. Bc4 Nd7 12. Bb3 Nf6 13. Ne5 Nxe4 14. Rxe4 Nd6
15. Re1 Kh7 16. Bf4 Bd7 17. Nxf7 Rae8 18. Rxe7 1-0